| 000 | 00457nam a22001457a 4500 | ||
|---|---|---|---|
| 020 | _a0-07-008646-X | ||
| 082 | _a621.3 BUB | ||
| 100 |
_aCARTER, CHARLES G, SCHMITT, MARSHALL L, BUBAN, PETER _967174 |
||
| 245 | _aUNDERSTANDING ELECTRICITY AND ELECTRONICS TECHNOLOGY | ||
| 250 | _a5TH | ||
| 260 |
_aNEW YORK _bMCGRAW HILL _c1987 |
||
| 300 | _a520P | ||
| 650 |
_aELECTRONICS JEVENILE LITERATURE ELECTRIC ENGINEERING JEVENILE LITERATUR _967175 |
||
| 942 | _cBK | ||
| 999 |
_c575012 _d575012 |
||